000 00323nam a2200097Ia 4500
008 220120s9999||||xx |||||||||||||| ||und||
100 _aAmith, Prakash, S and Manoj, K.P
_912287
245 0 _aFinger print based electronic voting machine
260 _aCoorg Institute of Technology
_bPonnampet
_c2007
650 _aCOMPUTER SCIENCE
999 _c137873
_d137873